| 000 | 01359nam a22003015a 4500 | ||
|---|---|---|---|
| 003 | EG-ScBUE | ||
| 005 | 20220515104807.0 | ||
| 008 | 190328s2019 ua frb 000 0 ara d | ||
| 017 | _a2018 / 23054 | ||
| 020 | _a9789770488478 | ||
| 040 |
_aEG-ScBUE _bara _cEG-ScBUE _dEG-ScBUE |
||
| 043 | _af-ua--- | ||
| 082 | 0 | 4 |
_a347.62077 _bو ا ل _222 |
| 100 | 1 | _aوالي، فتحي. | |
| 245 | 1 | 2 |
_aالتنفيذ الجبري في المواد المدنية و التجارية : _bوفقا لقانون المرافعات و قانوني الحجز الإداري و التمويل العقاري / _cتأليف فتحي والي. |
| 260 |
_aالقاهرة : _bدار النهضة العربية، _c2019. |
||
| 300 |
_a935 ص. ؛ _c24 سم. |
||
| 504 | _aيشتمل على إرجاعات ببليوجرافية. | ||
| 650 | 7 |
_aالتنفيذ الجبري _xقوانين وتشريعات _zمصر. _2BUEsh _941070 |
|
| 650 | 7 |
_aقانون الإجراءات المدنية والتجارية _zمصر. _2BUEsh |
|
| 650 | 7 |
_aقانون المرافعات _zمصر. _2BUEsh |
|
| 650 | 7 |
_aالتمويل العقاري _xقوانين وتشريعات _zمصر. _2BUEsh |
|
| 650 | 7 |
_aالحجز الإداري _xقوانين وتشريعات _zمصر. _2BUEsh _910938 |
|
| 651 | _2BUEsh | ||
| 653 |
_bLLAAWW _cMarch2019 |
||
| 655 |
_vText book _933728 |
||
| 942 | _2ddc | ||
| 999 |
_c27318 _d27289 |
||